|
|
|
|
| LEADER |
02014nam a2200493 a 4500 |
| 001 |
nkc20142564657 |
| 003 |
CZ PrNK |
| 005 |
20140703100201.0 |
| 007 |
ta |
| 008 |
140206s2012 xr abcee f 000 0 cze |
| 015 |
|
|
|a cnb002564657
|
| 020 |
|
|
|a 978-80-260-6295-0
|q (v knize neuvedeno ;
|q brož.) :
|c neprodejné
|
| 035 |
|
|
|a (OCoLC)886601678
|
| 040 |
|
|
|a BOA001
|b cze
|
| 043 |
|
|
|a e-xr---
|b e-xr-mr
|2 czenas
|
| 072 |
|
7 |
|a 913(437)
|x Geografie Česka a Slovenska, reálie, cestování
|2 Konspekt
|9 7
|
| 080 |
|
|
|a 913:338.483.1
|2 MRF
|
| 080 |
|
|
|a 355.48(4)"1800/1815"
|2 MRF
|
| 080 |
|
|
|a 94(4)"1800/1815"
|2 MRF
|
| 080 |
|
|
|a (437.32-13)
|2 MRF
|
| 080 |
|
|
|a (036)
|2 MRF
|
| 245 |
0 |
0 |
|a Morava napoleonská :
|b evropské dějiny na dosah /
|c [texty DRING Consulting]
|
| 246 |
1 |
|
|i Název v tiráži:
|a Cestovní průvodce Morava napoleonská
|
| 250 |
|
|
|a Vyd. 1.
|
| 260 |
|
|
|a Brno :
|b Regionální rozvojová agentura Jižní Moravy,
|c 2012
|
| 300 |
|
|
|a 155 s. :
|b barev. il., mapy, portréty, plány ;
|c 15 x 21 cm
|
| 500 |
|
|
|a Název z obálky
|
| 504 |
|
|
|a Obsahuje bibliografii
|
| 650 |
0 |
7 |
|a turistické zajímavosti
|7 ph126800
|z Česko
|2 czenas
|
| 650 |
0 |
7 |
|a napoleonské války (1800-1815)
|7 ph123166
|z Česko
|2 czenas
|
| 650 |
0 |
9 |
|a tourist sights
|z Czechia
|2 eczenas
|
| 650 |
0 |
9 |
|a Napoleonic Wars (1800-1815)
|z Czechia
|2 eczenas
|
| 651 |
|
7 |
|a Morava jižní (Česko)
|7 ge130073
|2 czenas
|
| 651 |
|
9 |
|a Moravia, Southern (Czechia)
|2 eczenas
|
| 655 |
|
7 |
|a průvodce
|7 fd133154
|2 czenas
|
| 655 |
|
9 |
|a guidebooks
|2 eczenas
|
| 710 |
2 |
|
|a Dring Consulting
|7 kn20060804024
|
| 856 |
4 |
1 |
|u http://www.digitalniknihovna.cz/mzk/uuid/uuid:5a399510-78ac-11e6-afc6-005056827e52
|y Digitalizovaný dokument
|x NDK
|
| 910 |
2 |
|
|a BOA001
|b 2-1319.789
|
| 990 |
|
|
|a BK
|
| 995 |
|
|
|a 01
|
| 991 |
|
|
|b 201403
|e n
|
| 996 |
6 |
|
|b 2610580780
|c 2-1319.789
|l MZK
|r Sklad / do 1 hodiny
|n 2
|p p.v.
|w 001400285
|u 000010
|a 1
|e BOA001
|j MZK50
|s P
|
| 996 |
7 |
|
|b 2610580781
|c 2-1319.789
|l MZK
|r Sklad / do 1 hodiny
|n 3
|p p.v.
|w 001400285
|u 000020
|a 1
|e BOA001
|j MZK50
|s A
|